Athlétisme : Champion de France du 800 m, Piste - Statistiques

Statistiques générales
  • Ce quiz a été pris 7 fois
  • Le résultat moyen est 10 sur 128
Statistiques - réponses
Année Vainqueur % Correct
2012 | 2014 | 2015 | +2 others Pierre-Ambroise Bosse
86%
2020 | 2021 | 2022 Benjamin Robert
71%
2023 | 2024 Gabriel Tual
71%
2025 Yanis Meziane
57%
1939 | 1941 | 1942 | +5 others Marcel Hansenne
14%
1961 | 1962 Michel Jazy
14%
1901 | 1902 André Langlais
0%
1894 André Lemonnier
0%
1907 A. Pouillot
0%
2016 Aymeric Lusine
0%
1995 Bruno Konczylo
0%
1986 | 1988 Claude Diomar
0%
1997 | 2000 David Divad
0%
1937 Denis Soustre
0%
2007 | 2008 Driss Yousfi
0%
1906 Dubourg
0%
1919 | 1921 Edmond Brossard
0%
1899 Émile Desquand
0%
1922 Fernand Bauduin
0%
1893 Fernand Meiers
0%
2005 | 2006 Florent Lacasse
0%
1992 Frédéric Cornette
0%
1990 Frédéric Sillé
0%
1926 Georges Baraton
0%
1898 Georges Campbell-Wood
0%
1897 Georges Garnier
0%
1958 Gérard Vervoort
0%
1970 Gilles Sibon
0%
1999 Guillaume Douceret
0%
1969 Guy Taillard
0%
2010 | 2013 Hamid Oualich
0%
1900 Henri Deloge
0%
1908 | 1912 Jacques Keyser
0%
1938 Jacques Lévèque
0%
1903 Jean Chastanié
0%
1989 | 1991 | 1993 Jean-Christophe Vialettes
0%
1957 Jean-Claude Durand
0%
1930 | 1931 | 1932 | 1933 Jean Keller
0%
1968 Jean-Pierre Dufresne
0%
2009 | 2011 Jeff Lastennet
0%
1996 | 1998 Jimmy Jean-Joseph
0%
1918 John Heilbuth
0%
1977 | 1982 José Marajo
0%
1909 | 1910 | 1911 Joseph Caulle
0%
1973 | 1974 Marcel Philippe
0%
1963 | 1964 | 1965 | 1966 Maurice Lurot
0%
2001 Mehdi Baala
0%
1949 Michel Clare
0%
1967 Michel Samper
0%
1895 | 1896 | 1904 | 1905 Michel Soalhat
0%
2002 | 2003 | 2004 Nicolas Aissat
0%
1994 Ousmane Diarra
0%
1951 | 1953 | 1954 | 1955 Patrick El Mabrouk
0%
1971 Patrick Gadonna
0%
1920 Paul Esparbès
0%
2017 Paul Renaudie
0%
1987 Philippe Collard
0%
1981 | 1983 | 1984 | 1985 Philippe Dupont
0%
1959 | 1960 Pierre-Yvon Lenoir
0%
1935 Raymond Petit
0%
1913 | 1914 René Dantigny
0%
1952 | 1956 René Djian
0%
1934 René Morel
0%
1936 René Soulier
0%
1924 | 1925 René Wiriath
0%
1946 Robert Chef d'Hôtel
0%
1978 | 1979 | 1980 Roger Milhau
0%
1972 | 1975 | 1976 Roqui Sanchez
0%
1927 | 1928 | 1929 Séraphin Martin
0%
1923 Victor Baranca
0%
Aucun quiz correspondant
Distribution des résultats
% des personnes avec chaque résultat
Percentile par nombre de réponses
Votre historique - résultats
Vous n’avez pas pris ce quiz